Caracterización y generación de curvas de resistencia de distintos cementos que se comercializan como de "uso general " en el mercado costarricense
Guardado en:
| 主要作者: | |
|---|---|
| 格式: | 圖書 |
| 語言: | Spanish |
| 出版: |
[San José ], Costa Rica
2017
|
| 主題: | |
| 標簽: |
添加標簽
沒有標簽, 成為第一個標記此記錄!
|
MARC
| LEADER | 00000nam a22000007a 4500 | ||
|---|---|---|---|
| 003 | 012798 | ||
| 005 | 20221231144245.0 | ||
| 008 | 171108b2017 cr a|||| |||m 00| ||spa d | ||
| 040 | |c cru CEDI | ||
| 090 | |a TFG 7949 | ||
| 100 | |9 10275 |a Rodríguez Bardía Francisco | ||
| 245 | |a Caracterización y generación de curvas de resistencia de distintos cementos que se comercializan como de "uso general " en el mercado costarricense | ||
| 260 | |a [San José ], Costa Rica |c 2017 | ||
| 300 | |a xii, 69[24] hojas ; ilustraciones a color | ||
| 500 | |a Proyecto de graduación (licenciatura en ingeniería civil)--Universidad de Costa Rica. Facultad de Ingeniería. Escuela de Ingeniería Civil | ||
| 650 | |x MAMPOSTERIA |x HORMIGON - PRUEBAS |x HORMIGON - ENSAYO DE COMPRESION |x RESISTENCIA DE MATERIALES |x CEMENTO - MEZCLAS - EVALUACION |x ENSAYOS DE MATERIALES |x ENSAYOS DE MATERIALES |x NORMAS |9 10276 | ||
| 942 | |c TFG | ||
| 999 | |c 19186 |d 19186 | ||
